00600nam a2200217 a 450000100080000000500110000800800410001910000190006024500810007926000400016030000110020049000530021165000180026465000110028265000150029365000150030865300190032365300110034265300150035365300140036817714122002-04-22 1981 bl uuuu u0uu1 u #d1 aBOSWELL, F. C. aEvaluation of municipal sewage sludge for land treatment in crop production. aAthens: University of Georgiac1981 a13 p.  a(University of Georgia. Research Bulletin, 267). asewage sludge aPlanta aProdução aTratamento aLodo de esgoto aPlants aProduction aTreatment